| 000 | 00963naa a2200229 c 4500 | ||
|---|---|---|---|
| 001 | 46291 | ||
| 003 | ES-MaCES | ||
| 005 | 20150901124345.0 | ||
| 008 | 150901s2015 sp ||||| t||||||| ||spa d | ||
| 040 |
_aES-MaCES _bspa _cES-MaCES _dES-MaCES |
||
| 100 | 1 |
_913572 _aGómez Abelleira, Francisco Javier |
|
| 245 | 1 | 4 |
_aLas extinciones de contratos de trabajo previstas a sucesión de empresa _b: entre la validez y el fraude _cFrancisco Javier Gómez Abelleira |
| 650 | 4 |
_930703 _asuspensión del contrato de trabajo |
|
| 650 | 4 |
_929844 _adespido injustificado |
|
| 650 | 4 |
_928188 _aempresario |
|
| 650 | 4 |
_930602 _areestructuración empresarial |
|
| 650 | 4 |
_928986 _ainforme |
|
| 653 | 1 | 0 | _aRelaciones laborales-Empleo |
| 773 | 0 |
_983180 _dValladolid (Avda. Reyes Católicos, 11, 47008) Lex nova _o086082 _tInformación laboral _w(ES-MaCES)25782 _gn. 4 (2015) {55/796 R. 086082} ;p. 41-47 |
|
| 902 | _aART Artículo de revista | ||
| 942 |
_2CES _cAR _h2.0. |
||
| 999 |
_c46291 _d46291 |
||